00355nam a22001457a 4500003000400000005001700004008004100021020001800062040002000080100002700100245004000127250000900167260002500176300000800201OSt20250917182709.0250917b |||||||| |||| 00| 0 eng d a9789354669675 cIIMT University a Chaurasia Bhagwan Din aBd Chaurasias Human Anatomy Vol - 2 a10th aNew DelhibCBSc2025 a482